| 000 | 00763nam a2200229 i 4500 | ||
|---|---|---|---|
| 001 | 30154 | ||
| 003 | ES-MaACL | ||
| 005 | 20240224063056.0 | ||
| 007 | t| | ||
| 008 | 030123s1977 sp ||||1| spa d | ||
| 100 |
_aBarrios, Manuel, _d1924-2012 _9235239 |
||
| 245 | 1 | 3 |
_aEl apasionante misterio del Palmar de Troya / _cManuel Barrios, María Teresa Garrido-Conde. |
| 250 | _a[1ª ed.]. | ||
| 260 |
_aBarcelona : _bPlaneta, _c[1977] |
||
| 300 |
_a250 p., 1 lám. : _bil. ; _c18 cm. |
||
| 490 | 1 | _aPanorama | |
| 600 | 1 | 4 |
_aVirgen María- _xApariciones y milagros- _zPalmar de Troya. _9164049 |
| 700 | 1 |
_aGarrido Conde, María Teresa. _955692 |
|
| 830 | 0 |
_aPanorama _9181571 |
|
| 852 |
_aES-MaACL _jA-6401 _bR.95432 |
||
| 999 |
_c30154 _d30154 |
||